000 00723cam a22002294a 4500
001 11291
003 IN-BhIIT
005 20260107121035.0
008 981208s2000 enka b 001 0 eng
020 _a9780521585293 (pbk.)
040 _aIN-BhIIT
041 _aeng
082 0 0 _a330.0151
_bFUE/M
100 1 _aFuente, Angel de la.
_eAuthor
_926156
245 1 0 _aMathematical methods and models for economists /
_cAngel De La Fuente
260 _aNew York, NY :
_bCambridge University Press,
_c2000.
300 _axii, 835 p. :
_bill. ;
_c26 cm.
504 _aIncludes bibliographical references and indexes.
650 0 _aEconomics
_xStatistical methods.
_926157
650 0 _aMathematical models.
_99262
942 _cTRB
999 _c14691
_d14691